300 her pro děti s autismem : rozvíjení komunikačních a sociálních dovedností / Simone Griffin, Dianne Sandler ; [z anglického originálu ... přeložila Miroslava Jelínková]
Děti s poruchou autistického spektra mají obtíže se sociální interakcí, představivostí a komunikací. Často nedokážou navázat oční kontakt, jejich řeč se někdy omezuje na echolalické opakování slov a vět. Kniha nabízí nápady, jak využít každodenní činnosti k rozvíjení komunikačních schopností dítěte s autismem. Jídlo, jednoduché hračky, zajímavé materiály či dětské hudební nástroje mohou posloužit nejen k tomu, aby se dítě zabavilo, ale také nám pomohou navázat s dítětem kontakt a komunikaci. Kniha osloví rodiče a vychovatele dětí s poruchou autistického spektra. Nakladatelská anotace.
Příručka pro rodiče a vychovatele autistických dětí nabízí jednoduché hry a činnosti, které pomohou malé autisty zabavit a napomáhají u nich rozvíjet komunikační a sociální dovednosti.
Record details
- ISBN: 978-80-262-0177-9 (brož.)
- Physical Description: 129 s. ; 21 cm
- Edition: Vyd. 1.
- Publisher: Praha : Portál, 2012
Content descriptions
| Bibliography, etc. Note: | Obsahuje bibliografii |
Search for related items by subject
| Subject: | autismus autistické děti rodiče a děti hry komunikační dovednosti sociální dovednosti autism autistic children parents and children games communication skills social skills |
| Genre: | populárně-naučné publikace popular works |
Available copies
- 1 of 1 copy available at Common Catalog SPOK.
Holds
- 0 current holds with 1 total copy.
Show Only Available Copies
| Location | Call Number / Copy Notes | Barcode | Shelving Location | Status | Due Date |
|---|---|---|---|---|---|
| Jabok Library | PeS-5.6/G | 424480027698 | Odborná literatura | Available | - |
| LDR | 04336nam a2200985 a 4500 | ||
|---|---|---|---|
| 001 | 17172 | ||
| 003 | CZ-PrJAB | ||
| 005 | 20121227092356.0 | ||
| 007 | ta | ||
| 008 | 120813s2012 xr e f 000 0 cze | ||
| 015 | . | ‡acnb002379321 | |
| 020 | . | ‡a978-80-262-0177-9 (brož.) | |
| 035 | . | ‡a(CONS)17172 | |
| 035 | . | ‡a(CZ PrSKC)nkc20122379321 | |
| 035 | . | ‡a(OCoLC)817047670 | |
| 040 | . | ‡aABA001 ‡bcze | |
| 041 | 1 | . | ‡acze ‡heng |
| 072 | 7. | ‡a376 ‡xVýchova a vzdělávání zvláštních skupin osob ‡2Konspekt ‡922 | |
| 080 | . | ‡a616.89-008.45 ‡2MRF | |
| 080 | . | ‡a316.344.6-056.36-053.2 ‡2MRF | |
| 080 | . | ‡a173.5/.7 ‡2MRF | |
| 080 | . | ‡a379.8:793/796 ‡2MRF | |
| 080 | . | ‡a316.77:81'42 ‡2MRF | |
| 080 | . | ‡a316.61 ‡2MRF | |
| 080 | . | ‡a(0.062) ‡2MRF | |
| 100 | 1 | . | ‡aGriffin, Simone ‡7xx0157564 ‡4aut |
| 245 | 1 | 0. | ‡a300 her pro děti s autismem : ‡brozvíjení komunikačních a sociálních dovedností / ‡cSimone Griffin, Dianne Sandler ; [z anglického originálu ... přeložila Miroslava Jelínková] |
| 246 | 3 | . | ‡aTři sta her pro děti s autismem |
| 250 | . | ‡aVyd. 1. | |
| 260 | . | ‡aPraha : ‡bPortál, ‡c2012 | |
| 300 | . | ‡a129 s. ; ‡c21 cm | |
| 504 | . | ‡aObsahuje bibliografii | |
| 520 | 9 | . | ‡aDěti s poruchou autistického spektra mají obtíže se sociální interakcí, představivostí a komunikací. Často nedokážou navázat oční kontakt, jejich řeč se někdy omezuje na echolalické opakování slov a vět. Kniha nabízí nápady, jak využít každodenní činnosti k rozvíjení komunikačních schopností dítěte s autismem. Jídlo, jednoduché hračky, zajímavé materiály či dětské hudební nástroje mohou posloužit nejen k tomu, aby se dítě zabavilo, ale také nám pomohou navázat s dítětem kontakt a komunikaci. Kniha osloví rodiče a vychovatele dětí s poruchou autistického spektra. Nakladatelská anotace. |
| 520 | 9 | . | ‡aPříručka pro rodiče a vychovatele autistických dětí nabízí jednoduché hry a činnosti, které pomohou malé autisty zabavit a napomáhají u nich rozvíjet komunikační a sociální dovednosti. |
| 650 | 0 | 7. | ‡aautismus ‡7ph118685 ‡2czenas |
| 650 | 0 | 7. | ‡aautistické děti ‡7ph114095 ‡2czenas |
| 650 | 0 | 7. | ‡arodiče a děti ‡7ph116053 ‡2czenas |
| 650 | 0 | 7. | ‡ahry ‡7ph114716 ‡2czenas |
| 650 | 0 | 7. | ‡akomunikační dovednosti ‡7ph180925 ‡2czenas |
| 650 | 0 | 7. | ‡asociální dovednosti ‡7ph138866 ‡2czenas |
| 650 | 0 | 9. | ‡aautism ‡2eczenas |
| 650 | 0 | 9. | ‡aautistic children ‡2eczenas |
| 650 | 0 | 9. | ‡aparents and children ‡2eczenas |
| 650 | 0 | 9. | ‡agames ‡2eczenas |
| 650 | 0 | 9. | ‡acommunication skills ‡2eczenas |
| 650 | 0 | 9. | ‡asocial skills ‡2eczenas |
| 655 | 7. | ‡apopulárně-naučné publikace ‡7fd131864 ‡2czenas | |
| 655 | 9. | ‡apopular works ‡2eczenas | |
| 700 | 1 | . | ‡aSandler, Dianne ‡7xx0157565 ‡4aut |
| 765 | 0 | . | ‡tMotivate to communicate! ‡9Česky |
| 910 | . | ‡aABG312 | |
| 901 | . | ‡a17172 ‡b ‡c17172 ‡tbiblio | |